00581nam a2200169Ia 4500008004100000041001200041082001600053100001700069245005800086260003200144300000800176650001900184700001800203942000700221999001500228952016800243221030s9999 xx 000 0 und d aEnglish a105.23bCho aS. D. Chopra 0aDifferential Calculuscby S. D. Chopra, M. L. Kochhar bKappor Pub.aSrinagarc1997 a408 aBE Mathematics aM. L. Kochhar cBK c8401d8401 pBE 680g75.00l0o105.23 Chor2024-06-13 00:00:00w2022-10-30yBK003Print4070aMIETLIBbMIETLIBcBL-Academic Block C, FL-2, CUP-6, SH-2, R-2d1999-12-0210HBE